| 000 | 00455cam a22001932a 4500 | ||
|---|---|---|---|
| 001 | 003588 | ||
| 003 | AR-FADEU | ||
| 008 | 311216n1961####xxu####################dd | ||
| 092 |
_a160 _bN147 |
||
| 100 | _aNagel, Ernest | ||
| 245 | _aLa lógica sin metafísica | ||
| 260 | _aMadrid | ||
| 260 | _bTecnos | ||
| 260 | _c1961 | ||
| 300 | _a362 p | ||
| 440 | _aEstrucura y función, el porvenir actual de la ciencia | ||
| 650 | _aLOGICA | ||
| 942 | _cBDGR | ||
| 999 |
_c9418 _d9418 |
||